Pays avec le plus de médailles par habitant JO 2024 - Statistiques

Statistiques générales
  • Ce quiz a été pris 24 fois
  • Le résultat moyen est 9 sur 20
Statistiques - réponses
Nombre de médailles pour 1 million d'habitants Pays % Correct
3,795 Nouvelle-Zélande
75%
1,921 Pays-Bas
71%
1,515 Danemark
67%
1,375 Irlande
67%
1,985 Australie
63%
2,124 Jamaïque
63%
1,451 Norvège
63%
1,756 Croatie
58%
1,485 Lituanie
50%
1,083 Bulgarie
46%
1,401 Hongrie
42%
1,440 Arménie
38%
1,883 Géorgie
38%
1,201 Moldavie
38%
11,062 Sainte-Lucie
38%
13,630 Dominique
29%
2,717 Bahrein
25%
1,654 Cap-Vert
25%
15,762 Grenade
25%
1,199 Kosovo
25%
Aucun quiz correspondant
Distribution des résultats
% des personnes avec chaque résultat
Percentile par nombre de réponses
Votre historique - résultats
Vous n’avez pas pris ce quiz